[Event "DEN-chT 0607"]
[Site "Denmark"]
[Date "2007.01.14"]
[Round "5.3"]
[White "Jakobsen, Lars Veno"]
[Black "Kristensen, Kaare Hove"]
[Result "1/2-1/2"]
[WhiteElo "2304"]
[BlackElo "2313"]
[PlyCount "50"]
[EventDate "2006.11.04"]
[EventType "team"]
[EventRounds "9"]
[EventCountry "DEN"]
[Source "ChessBase"]
[SourceDate "2007.02.01"]
[WhiteTeam "Aalborg"]
[BlackTeam "Nordkalotten"]
[WhiteTeamCountry "DEN"]
[BlackTeamCountry "DEN"]

1. d4 d5 2. c4 e6 3. Nf3 c5 4. cxd5 exd5 5. g3 Nc6 6. Bg2 Nf6 7. O-O Be7 8. Nc3
O-O 9. Bg5 c4 10. Ne5 Be6 11. Nxc6 bxc6 12. b3 Qa5 13. Na4 Rac8 14. Bd2 Qa6 15.
Re1 Ne4 16. Be3 Rfd8 17. bxc4 Qxc4 18. Nb2 Qa6 19. Qa4 Qb5 20. Bxe4 dxe4 21.
Qc2 c5 22. d5 Bxd5 23. Na4 Qc4 24. Rec1 Qxc2 25. Rxc2 Bc6 1/2-1/2

[Event "DEN-chT 0607"]
[Site "Denmark"]
[Date "2007.01.14"]
[Round "5.4"]
[White "Ejsing, Esben"]
[Black "Meyer, Lars"]
[Result "1/2-1/2"]
[WhiteElo "2275"]
[BlackElo "2239"]
[PlyCount "52"]
[EventDate "2006.11.04"]
[EventType "team"]
[EventRounds "9"]
[EventCountry "DEN"]
[Source "ChessBase"]
[SourceDate "2007.02.01"]
[WhiteTeam "Nordkalotten"]
[BlackTeam "Aalborg"]
[WhiteTeamCountry "DEN"]
[BlackTeamCountry "DEN"]

1. Nf3 Nf6 2. c4 e6 3. g3 d5 4. Bg2 Be7 5. O-O O-O 6. b3 Nbd7 7. Bb2 b6 8. cxd5
exd5 9. Nd4 Bb7 10. Nf5 Re8 11. Nxe7+ Qxe7 12. Re1 Rad8 13. Na3 Nf8 14. Rc1 Ne6
15. Nc2 c5 16. d4 c4 17. Ba3 Qd7 18. Ne3 cxb3 19. axb3 Ng5 20. Qd3 g6 21. f3
Bc6 22. h4 Bb5 23. Qd2 Nh3+ 24. Kh2 Nf2 25. Kg1 Nh3+ 26. Kh2 Nf2 1/2-1/2

[Event "DEN-chT 0607"]
[Site "Denmark"]
[Date "2007.01.14"]
[Round "5.5"]
[White "Hellegaard, Carsten"]
[Black "Nielsen, Lars Aaes"]
[Result "1-0"]
[WhiteElo "2230"]
[BlackElo "2221"]
[PlyCount "49"]
[EventDate "2006.11.04"]
[EventType "team"]
[EventRounds "9"]
[EventCountry "DEN"]
[Source "ChessBase"]
[SourceDate "2007.02.01"]
[WhiteTeam "Aalborg"]
[BlackTeam "Nordkalotten"]
[WhiteTeamCountry "DEN"]
[BlackTeamCountry "DEN"]

1. d4 e6 2. c4 Nf6 3. Nf3 d5 4. Nc3 Be7 5. Bg5 O-O 6. e3 b6 7. cxd5 exd5 8. Rc1
Nbd7 9. Bd3 h6 10. Bh4 c5 11. O-O Bb7 12. Qe2 c4 13. Bb1 Re8 14. Ne5 Nxe5 15.
dxe5 Nd7 16. Bxe7 Qxe7 17. f4 Nf8 18. Nb5 f6 19. exf6 gxf6 20. Rf3 Nh7 21. Nd4
Bc8 22. Rg3+ Kh8 23. Qh5 Bd7 24. Bxh7 Qxh7 25. Rg6 1-0

[Event "DEN-chT 0607"]
[Site "Denmark"]
[Date "2007.01.14"]
[Round "5.6"]
[White "Jakobsen, Peter"]
[Black "Nielsen, Steffen"]
[Result "1-0"]
[WhiteElo "2206"]
[BlackElo "2218"]
[PlyCount "79"]
[EventDate "2006.11.04"]
[EventType "team"]
[EventRounds "9"]
[EventCountry "DEN"]
[Source "ChessBase"]
[SourceDate "2007.02.01"]
[WhiteTeam "Nordkalotten"]
[BlackTeam "Aalborg"]
[WhiteTeamCountry "DEN"]
[BlackTeamCountry "DEN"]

1. e4 Nf6 2. e5 Nd5 3. d4 d6 4. c4 Nb6 5. exd6 cxd6 6. Nc3 g6 7. Be3 Bg7 8. Rc1
Nc6 9. d5 Ne5 10. Be2 O-O 11. b3 Ned7 12. Nf3 Nf6 13. h3 Re8 14. O-O Nbd7 15.
Qd2 Nc5 16. Nd4 Bd7 17. Bf3 Bc8 18. b4 Ncd7 19. Nb3 Nb6 20. Na5 Nbd7 21. Rfd1
Ne5 22. Be2 Rf8 23. f4 Ned7 24. Bf3 Re8 25. Qf2 Bh6 26. g4 Bg7 27. Bxa7 Nc5 28.
Nb5 Nfd7 29. Qd2 Na6 30. a3 g5 31. Bd4 Bxd4+ 32. Nxd4 gxf4 33. Qxf4 Ne5 34. Be4
Nc5 35. Bc2 e6 36. bxc5 Rxa5 37. Nb5 Rxb5 38. cxb5 exd5 39. Rxd5 Qh4 40. cxd6
1-0

[Event "DEN-chT 0607"]
[Site "Denmark"]
[Date "2007.01.14"]
[Round "5.7"]
[White "Nielsen, Jorgen G"]
[Black "Lilja, Richard"]
[Result "1/2-1/2"]
[WhiteElo "2186"]
[BlackElo "2069"]
[PlyCount "74"]
[EventDate "2006.11.04"]
[EventType "team"]
[EventRounds "9"]
[EventCountry "DEN"]
[Source "ChessBase"]
[SourceDate "2007.02.01"]
[WhiteTeam "Aalborg"]
[BlackTeam "Nordkalotten"]
[WhiteTeamCountry "DEN"]
[BlackTeamCountry "DEN"]

1. d4 g6 2. c4 Bg7 3. Nc3 d6 4. e4 e5 5. dxe5 dxe5 6. Qxd8+ Kxd8 7. Bg5+ f6 8.
O-O-O+ Nd7 9. Be3 Nh6 10. f3 Nf7 11. c5 c6 12. Bc4 Ke7 13. a3 Bh6 14. Bxh6 Nxh6
15. b4 Nf8 16. Nge2 Be6 17. Bxe6 Nxe6 18. Kb2 Rhd8 19. Rxd8 Kxd8 20. h4 Kc7 21.
h5 g5 22. g4 Rd8 23. Rd1 Rxd1 24. Nxd1 Nd4 25. Nxd4 exd4 26. Kc2 Nf7 27. Kd3
Ne5+ 28. Ke2 d3+ 29. Ke3 b6 30. cxb6+ Kxb6 31. Nb2 d2 32. Kxd2 Nxf3+ 33. Kc3
Nh2 34. Nc4+ Kb5 35. Ne3 Nf3 36. Nc4 Ka4 37. Kb2 Ne1 1/2-1/2

[Event "DEN-chT 0607"]
[Site "Denmark"]
[Date "2007.01.14"]
[Round "5.8"]
[White "Koch, Soren Andreas"]
[Black "Hjorth, Torben"]
[Result "1-0"]
[WhiteElo "2079"]
[BlackElo "2158"]
[PlyCount "81"]
[EventDate "2006.11.04"]
[EventType "team"]
[EventRounds "9"]
[EventCountry "DEN"]
[Source "ChessBase"]
[SourceDate "2007.02.01"]
[WhiteTeam "Nordkalotten"]
[BlackTeam "Aalborg"]
[WhiteTeamCountry "DEN"]
[BlackTeamCountry "DEN"]

1. d4 Nf6 2. Nf3 g6 3. c4 Bg7 4. Nc3 O-O 5. e4 d6 6. Be2 e5 7. O-O Na6 8. Re1
c6 9. Bf1 Qe8 10. Bg5 Bg4 11. Be3 Nh5 12. d5 c5 13. a3 f5 14. h3 Bxf3 15. Qxf3
fxe4 16. Qxe4 Nc7 17. b4 b6 18. bxc5 bxc5 19. Rab1 Rf7 20. Be2 Nf6 21. Qc2 Re7
22. Ne4 Nxe4 23. Qxe4 Qf8 24. Bg4 Ne8 25. Be6+ Kh8 26. Qh4 Bf6 27. Qg4 Ng7 28.
Bh6 Qd8 29. Bxg7+ Rxg7 30. Rb3 Rc7 31. g3 Rb8 32. Reb1 Rxb3 33. Rxb3 Re7 34. h4
Rc7 35. Qe4 Qe7 36. Rb8+ Kg7 37. Rg8+ Kh6 38. Qe3+ g5 39. g4 Bg7 40. Bf5 e4 41.
hxg5+ 1-0

[Event "DEN-chT 0607"]
[Site "Denmark"]
[Date "2007.01.14"]
[Round "5.1"]
[White "Rasmussen, Casper Dahl"]
[Black "Hansen, Sune Berg"]
[Result "0-1"]
[WhiteElo "2357"]
[BlackElo "2566"]
[PlyCount "78"]
[EventDate "2006.11.04"]
[EventType "team"]
[EventRounds "9"]
[EventCountry "DEN"]
[Source "ChessBase"]
[SourceDate "2007.02.01"]
[WhiteTeam "Skolerne"]
[BlackTeam "Helsingor"]
[WhiteTeamCountry "DEN"]
[BlackTeamCountry "DEN"]

1. Nf3 c5 2. c4 Nf6 3. Nc3 e6 4. g3 b6 5. Bg2 Bb7 6. O-O a6 7. Re1 Be7 8. e4 d6
9. d4 cxd4 10. Nxd4 Qc7 11. Be3 O-O 12. Rc1 Re8 13. f4 Bf8 14. f5 h6 15. fxe6
fxe6 16. Bh3 Qf7 17. Nxe6 Rxe6 18. Bxe6 Qxe6 19. Nd5 Nbd7 20. Bxb6 Nxb6 21.
Nxb6 Re8 22. Nd5 Qe5 23. b4 Nxe4 24. Qd3 Qf5 25. Rf1 Qd7 26. Rfe1 Qf5 27. Rf1
Qd7 28. Rfe1 Qg4 29. Re3 Re5 30. h3 Qg5 31. h4 Qg4 32. Rf1 Bxd5 33. cxd5 Nf6
34. Rxe5 dxe5 35. d6 e4 36. Qb3+ Kh8 37. Rd1 e3 38. Kh2 Qe2+ 39. Kh3 Ne4 0-1

[Event "DEN-chT 0607"]
[Site "Denmark"]
[Date "2007.01.14"]
[Round "5.2"]
[White "Mortensen, Erling"]
[Black "Rasmussen, Karsten"]
[Result "0-1"]
[WhiteElo "2477"]
[BlackElo "2463"]
[PlyCount "141"]
[EventDate "2006.11.04"]
[EventType "team"]
[EventRounds "9"]
[EventCountry "DEN"]
[Source "ChessBase"]
[SourceDate "2007.02.01"]
[WhiteTeam "Helsingor"]
[BlackTeam "Skolerne"]
[WhiteTeamCountry "DEN"]
[BlackTeamCountry "DEN"]

1. e4 c6 2. Nf3 d5 3. Nc3 Bg4 4. h3 Bxf3 5. gxf3 e5 6. f4 exf4 7. d4 Bb4 8. e5
Ne7 9. Bxf4 Ng6 10. Bg3 O-O 11. h4 Qa5 12. Rb1 c5 13. h5 Ne7 14. dxc5 Nf5 15.
Qd3 Nxg3 16. Qxg3 Qxa2 17. Kd1 Bxc3 18. Kc1 Bxe5 19. Qxe5 Nc6 20. Qf4 Rae8 21.
Bd3 Ne5 22. h6 Nxd3+ 23. cxd3 Re6 24. Qd4 Rg6 25. Kc2 Qa6 26. hxg7 Rc8 27. Kd2
Qf6 28. Qxf6 Rxf6 29. b4 d4 30. Rh2 Kxg7 31. Re1 a5 32. bxa5 Rxc5 33. Re4 Re6
34. Rg4+ Rg6 35. Rgh4 h6 36. Rh1 Rf6 37. Ke2 Re5+ 38. Re4 Rfe6 39. Rb1 Rxe4+
40. dxe4 Rxe4+ 41. Kd3 Re5 42. Rxb7 Rxa5 43. Kxd4 Rf5 44. Ke3 h5 45. f3 Kg6 46.
Rb8 Kg5 47. Rg8+ Kh4 48. Rg1 Ra5 49. Rg7 f5 50. Kf4 Kh3 51. Rb7 h4 52. Rb4 Rd5
53. Ra4 Rd8 54. Rb4 Rg8 55. Kxf5 Rf8+ 56. Kg5 Rg8+ 57. Kf5 Kg3 58. f4 h3 59.
Rb3+ Kh4 60. Rb7 Rh8 61. Ke6 Kg4 62. f5 Rh6+ 63. f6 h2 64. Rb1 Kg5 65. Rf1
Rxf6+ 66. Rxf6 h1=Q 67. Rf5+ Kg4 68. Rd5 Kf4 69. Rd4+ Ke3 70. Rc4 Qh6+ 71. Ke5
0-1

[Event "DEN-chT 0607"]
[Site "Denmark"]
[Date "2007.01.14"]
[Round "5.3"]
[White "Sorensen, Jan"]
[Black "Nielsen, Nicholas Roland"]
[Result "1-0"]
[WhiteElo "2416"]
[BlackElo "2158"]
[PlyCount "65"]
[EventDate "2006.11.04"]
[EventType "team"]
[EventRounds "9"]
[EventCountry "DEN"]
[Source "ChessBase"]
[SourceDate "2007.02.01"]
[WhiteTeam "Skolerne"]
[BlackTeam "Helsingor"]
[WhiteTeamCountry "DEN"]
[BlackTeamCountry "DEN"]

1. e4 c5 2. Nf3 Nc6 3. Nc3 e5 4. Bc4 Be7 5. d3 d6 6. O-O Nf6 7. Ng5 O-O 8. f4
Bg4 9. Qe1 exf4 10. Bxf4 Bh5 11. Qd2 Qd7 12. Rae1 Rae8 13. a3 Ng4 14. Nf3 Bf6
15. Nd5 Be5 16. Nxe5 Ngxe5 17. Ba2 Kh8 18. Bg5 f5 19. exf5 Rxf5 20. Rxf5 Qxf5
21. Rf1 Qg6 22. h4 h6 23. Nf4 Qh7 24. Nxh5 hxg5 25. Qxg5 Nd4 26. Bd5 Nxc2 27.
Nf6 gxf6 28. Rxf6 Ng4 29. Qxg4 Ne3 30. Qg5 Nxd5 31. Rh6 Re5 32. Qd8+ Kg7 33.
Rxh7+ 1-0

[Event "DEN-chT 0607"]
[Site "Denmark"]
[Date "2007.01.14"]
[Round "5.4"]
[White "Larsen, Ole Bogh"]
[Black "Vinther Schou, Uffe"]
[Result "1/2-1/2"]
[WhiteElo "2226"]
[BlackElo "2380"]
[PlyCount "88"]
[EventDate "2006.11.04"]
[EventType "team"]
[EventRounds "9"]
[EventCountry "DEN"]
[Source "ChessBase"]
[SourceDate "2007.02.01"]
[WhiteTeam "Helsingor"]
[BlackTeam "Skolerne"]
[WhiteTeamCountry "DEN"]
[BlackTeamCountry "DEN"]

1. e4 c5 2. Ne2 Nc6 3. Nbc3 d6 4. g3 h5 5. h3 e5 6. Bg2 Be6 7. d3 g6 8. Nd5 Bg7
9. c3 Qd7 10. a3 O-O-O 11. b4 f5 12. Qa4 Nf6 13. Rb1 fxe4 14. dxe4 Qf7 15. b5
Nb8 16. c4 Rdf8 17. O-O b6 18. Bg5 Qd7 19. Bxf6 Bxf6 20. Kh2 h4 21. g4 Bg5 22.
f4 Bxd5 23. fxg5 Be6 24. Qc2 Qe7 25. Qd3 Rxf1 26. Rxf1 Rf8 27. Rf6 Nd7 28.
Rxf8+ Qxf8 29. Nc3 Qf4+ 30. Kh1 Kc7 31. Nd5+ Bxd5 32. Qxd5 Qc1+ 33. Kh2 Qf4+
34. Kh1 Qc1+ 35. Kh2 Qxa3 36. Qc6+ Kd8 37. Qxd6 Qg3+ 38. Kg1 Qe1+ 39. Kh2 Qg3+
40. Kh1 Qe1+ 41. Kh2 Qc1 42. Qxg6 Qf4+ 43. Kh1 Qc1+ 44. Kh2 Qf4+ 1/2-1/2

[Event "DEN-chT 0607"]
[Site "Denmark"]
[Date "2007.01.14"]
[Round "5.5"]
[White "Christensen, Tobias"]
[Black "Jorgensen, Michael"]
[Result "1/2-1/2"]
[WhiteElo "2330"]
[BlackElo "2201"]
[PlyCount "49"]
[EventDate "2006.11.04"]
[EventType "team"]
[EventRounds "9"]
[EventCountry "DEN"]
[Source "ChessBase"]
[SourceDate "2007.02.01"]
[WhiteTeam "Skolerne"]
[BlackTeam "Helsingor"]
[WhiteTeamCountry "DEN"]
[BlackTeamCountry "DEN"]

1. d4 f5 2. Bg5 Nc6 3. e3 g6 4. Nc3 Bg7 5. Bc4 d6 6. Nh3 Na5 7. Bd3 h6 8. Bh4
g5 9. Qh5+ Kf8 10. Bg3 e6 11. O-O-O Nf6 12. Qe2 Bd7 13. f3 Nc6 14. a3 a6 15.
Na2 b5 16. c3 Be8 17. Rhf1 Bf7 18. e4 f4 19. Bf2 e5 20. d5 Ne7 21. Nb4 Be8 22.
c4 a5 23. Nc2 bxc4 24. Bxc4 Nc8 25. Kb1 1/2-1/2

[Event "DEN-chT 0607"]
[Site "Denmark"]
[Date "2007.01.14"]
[Round "5.6"]
[White "Dalsberg, Sandra de Blecourt"]
[Black "Pedersen, Finn"]
[Result "0-1"]
[WhiteElo "2078"]
[BlackElo "2300"]
[PlyCount "118"]
[EventDate "2006.11.04"]
[EventType "team"]
[EventRounds "9"]
[EventCountry "DEN"]
[Source "ChessBase"]
[SourceDate "2007.02.01"]
[WhiteTeam "Helsingor"]
[BlackTeam "Skolerne"]
[WhiteTeamCountry "DEN"]
[BlackTeamCountry "DEN"]

1. d4 d5 2. c4 c6 3. cxd5 cxd5 4. Bf4 Nc6 5. e3 Nf6 6. Nc3 a6 7. Bd3 Bg4 8.
Nge2 e6 9. Rc1 Bd6 10. Bg5 O-O 11. f3 Bh5 12. g4 Bg6 13. Bxg6 fxg6 14. h4 Qe8
15. O-O h6 16. Bf4 Bxf4 17. Nxf4 Nh7 18. Nd3 Rd8 19. f4 g5 20. hxg5 hxg5 21.
Ne2 Nf6 22. Ng3 gxf4 23. Nxf4 e5 24. dxe5 Qxe5 25. Qf3 Rfe8 26. Nf5 d4 27. Ng6
Qe4 28. Qxe4 Rxe4 29. Rf4 Rxf4 30. Nxf4 Nxg4 31. Ne6 Rd7 32. Nfxd4 Nxd4 33.
exd4 Kf7 34. Ng5+ Kf6 35. Nf3 Kf5 36. Re1 Kf4 37. Kg2 g5 38. Re2 Ne3+ 39. Kf2
Nd1+ 40. Kg2 g4 41. Ne1 Rxd4 42. Re7 Ne3+ 43. Kg1 Rd1 44. Kf2 Rd2+ 45. Kg1 b5
46. Re8 a5 47. a3 a4 48. Re7 Nc2 49. Rf7+ Kg3 50. Nxc2 Rxc2 51. Kf1 Rxb2 52.
Rc7 Rb3 53. Rc5 Rxa3 54. Rxb5 Ra2 55. Rb8 a3 56. Ra8 Ra1+ 57. Ke2 a2 58. Ra3+
Kg2 59. Kd2 Rf1 0-1

[Event "DEN-chT 0607"]
[Site "Denmark"]
[Date "2007.01.14"]
[Round "5.7"]
[White "Jacobsen, Bo"]
[Black "Jensen, Ib"]
[Result "1-0"]
[WhiteElo "2307"]
[BlackElo "1982"]
[PlyCount "59"]
[EventDate "2006.11.04"]
[EventType "team"]
[EventRounds "9"]
[EventCountry "DEN"]
[Source "ChessBase"]
[SourceDate "2007.02.01"]
[WhiteTeam "Skolerne"]
[BlackTeam "Helsingor"]
[WhiteTeamCountry "DEN"]
[BlackTeamCountry "DEN"]

1. g3 d5 2. Nf3 Nf6 3. Bg2 c6 4. O-O Bf5 5. c4 e6 6. b3 Be7 7. Bb2 h6 8. d3
Nbd7 9. Nbd2 O-O 10. a3 Qc7 11. Rc1 Rad8 12. Rc2 Qb8 13. b4 Rfe8 14. Qa1 Bg6
15. Ne5 Bh7 16. Nxd7 Rxd7 17. Nf3 Rdd8 18. Be5 Qa8 19. Qb2 Rc8 20. h3 Red8 21.
Rfc1 Ne8 22. Qb3 Bf6 23. b5 Bxe5 24. Nxe5 cxb5 25. cxd5 Rxc2 26. Rxc2 exd5 27.
Bxd5 Nd6 28. Nxf7 Nxf7 29. Bxf7+ Kf8 30. Rc7 1-0

[Event "DEN-chT 0607"]
[Site "Denmark"]
[Date "2007.01.14"]
[Round "5.8"]
[White "Petersen, Age"]
[Black "Hagen, Andreas Skytte"]
[Result "0-1"]
[WhiteElo "1953"]
[BlackElo "2259"]
[PlyCount "62"]
[EventDate "2006.11.04"]
[EventType "team"]
[EventRounds "9"]
[EventCountry "DEN"]
[Source "ChessBase"]
[SourceDate "2007.02.01"]
[WhiteTeam "Helsingor"]
[BlackTeam "Skolerne"]
[WhiteTeamCountry "DEN"]
[BlackTeamCountry "DEN"]

1. d4 d5 2. Bf4 Nf6 3. e3 c5 4. c3 Qb6 5. Qc2 Nc6 6. Nf3 Bg4 7. Nbd2 e6 8. Be2
Rc8 9. Qb3 Be7 10. h3 Bh5 11. O-O O-O 12. Rfe1 h6 13. Rac1 Bg6 14. Bh2 Bh7 15.
dxc5 Bxc5 16. Qxb6 Bxb6 17. Ne5 Rfd8 18. Ndf3 a6 19. a3 Na5 20. Nd4 Nd7 21.
Nxd7 Rxd7 22. b4 Nc4 23. a4 Bc7 24. a5 Bxh2+ 25. Kxh2 Nd6 26. Nb3 Rdc7 27. Nc5
Ne4 28. Nxe4 Bxe4 29. b5 axb5 30. Bxb5 Rc5 31. Bf1 Rxa5 0-1

[Event "DEN-chT 0607"]
[Site "Denmark"]
[Date "2007.01.14"]
[Round "5.1"]
[White "Andreasen, Per Naesby"]
[Black "Nielsen, Peter Heine"]
[Result "0-1"]
[WhiteElo "2228"]
[BlackElo "2655"]
[PlyCount "68"]
[EventDate "2006.11.04"]
[EventType "team"]
[EventRounds "9"]
[EventCountry "DEN"]
[Source "ChessBase"]
[SourceDate "2007.02.01"]
[WhiteTeam "Norresundby"]
[BlackTeam "Helsinge"]
[WhiteTeamCountry "DEN"]
[BlackTeamCountry "DEN"]

1. Nf3 f5 2. g3 Nf6 3. Bg2 g6 4. b3 d6 5. d4 Bg7 6. Bb2 O-O 7. O-O Qe8 8. Nbd2
Nc6 9. Ne1 e5 10. dxe5 dxe5 11. e4 f4 12. Nd3 g5 13. Nc4 Ng4 14. h3 Nh6 15. g4
Kh8 16. a4 a5 17. f3 b6 18. Rf2 Nf7 19. Ba3 Rg8 20. Bf1 Bf8 21. Kg2 h5 22. Bb2
Bb7 23. Rd2 Rg7 24. Nf2 Rh7 25. gxh5 Bg7 26. Ng4 Bc8 27. h6 Nxh6 28. Ngxe5 Nxe5
29. Nxe5 Bxe5 30. Bb5 Bxh3+ 31. Kh2 Qe7 32. Bxe5+ Qxe5 33. Rd8+ Rxd8 34. Qxd8+
Ng8 0-1

[Event "DEN-chT 0607"]
[Site "Denmark"]
[Date "2007.01.14"]
[Round "5.2"]
[White "Hutters, Tomas"]
[Black "Nielsen, Tommy"]
[Result "1-0"]
[WhiteElo "2426"]
[BlackElo "2187"]
[PlyCount "83"]
[EventDate "2006.11.04"]
[EventType "team"]
[EventRounds "9"]
[EventCountry "DEN"]
[Source "ChessBase"]
[SourceDate "2007.02.01"]
[WhiteTeam "Helsinge"]
[BlackTeam "Norresundby"]
[WhiteTeamCountry "DEN"]
[BlackTeamCountry "DEN"]

1. d4 Nf6 2. c4 g6 3. g3 Bg7 4. Bg2 d5 5. cxd5 Nxd5 6. Nf3 Nc6 7. O-O Bg4 8.
Nc3 Nb6 9. e3 Qd7 10. Ne4 Qf5 11. Nc5 O-O-O 12. Nh4 Bxd1 13. Nxf5 gxf5 14. Rxd1
e5 15. Bh3 exd4 16. Bxf5+ Kb8 17. e4 h6 18. Bf4 Ne7 19. Bh3 Ng6 20. Rac1 Nxf4
21. gxf4 h5 22. Kg2 c6 23. Kf3 Nc8 24. Bxc8 Kxc8 25. e5 b6 26. Nb3 c5 27. Nxd4
Rhg8 28. Nc6 Rd7 29. Rxd7 Kxd7 30. Nxa7 Ra8 31. Rd1+ Ke8 32. Nb5 Rxa2 33. Nd6+
Kf8 34. Nf5 Ra8 35. Rd7 Kg8 36. e6 Bxb2 37. Rxf7 c4 38. Nh6+ Kh8 39. e7 Bg7 40.
Nf5 c3 41. Rxg7 c2 42. Rg1 1-0

[Event "DEN-chT 0607"]
[Site "Denmark"]
[Date "2007.01.14"]
[Round "5.3"]
[White "Willumsen, Niels Henrik"]
[Black "Fries Nielsen, Niels Jorgen"]
[Result "0-1"]
[WhiteElo "2138"]
[BlackElo "2406"]
[PlyCount "76"]
[EventDate "2006.11.04"]
[EventType "team"]
[EventRounds "9"]
[EventCountry "DEN"]
[Source "ChessBase"]
[SourceDate "2007.02.01"]
[WhiteTeam "Norresundby"]
[BlackTeam "Helsinge"]
[WhiteTeamCountry "DEN"]
[BlackTeamCountry "DEN"]

1. e4 d6 2. d4 g6 3. Nc3 Bg7 4. f4 Nf6 5. Nf3 O-O 6. Be3 b6 7. Bd3 Bb7 8. e5
Ng4 9. Qe2 c5 10. dxc5 bxc5 11. Ng5 Nxe3 12. Qxe3 dxe5 13. O-O-O Qd4 14. Rhe1
Nc6 15. Be4 Qxe3+ 16. Rxe3 Rad8 17. Red3 Rb8 18. Rd7 Ba8 19. Nd5 exf4 20. c3 h6
21. Nf3 e6 22. Nxf4 Ne5 23. Nxe5 Bxe4 24. Nc4 h5 25. g3 Bh6 26. b3 a5 27. Kb2
a4 28. Rc7 axb3 29. axb3 g5 30. Nxh5 Bf3 31. Nf6+ Kg7 32. Rf1 Be2 33. Rf2 Bxc4
34. Nd7 Rxb3+ 35. Kc2 Ra8 36. Rxf7+ Kxf7 37. Nb6+ Kf6 38. Nxa8 Rb8 0-1

[Event "DEN-chT 0607"]
[Site "Denmark"]
[Date "2007.01.14"]
[Round "5.4"]
[White "Bekker Jensen, Simon"]
[Black "Jorgensen, Jorgen"]
[Result "1/2-1/2"]
[WhiteElo "2372"]
[BlackElo "2255"]
[PlyCount "53"]
[EventDate "2006.11.04"]
[EventType "team"]
[EventRounds "9"]
[EventCountry "DEN"]
[Source "ChessBase"]
[SourceDate "2007.02.01"]
[WhiteTeam "Helsinge"]
[BlackTeam "Norresundby"]
[WhiteTeamCountry "DEN"]
[BlackTeamCountry "DEN"]

1. d4 d5 2. c4 Nc6 3. Nc3 dxc4 4. d5 Na5 5. Nf3 c6 6. e4 Nf6 7. Bf4 Bd7 8. Ne5
cxd5 9. exd5 Rc8 10. Be2 g6 11. Qd4 Qb6 12. Qxb6 axb6 13. Be3 Bg7 14. O-O-O Ne4
15. Nxd7 Nxc3 16. bxc3 Kxd7 17. Kc2 Be5 18. Bxb6 Bc7 19. Bd4 Rhd8 20. Rb1 Ra8
21. Bg4+ Ke8 22. Bf3 Ra6 23. h4 h5 24. Rhe1 b6 25. Rb4 Nb7 26. Rxc4 Bd6 27. Rc6
1/2-1/2

[Event "DEN-chT 0607"]
[Site "Denmark"]
[Date "2007.01.14"]
[Round "5.5"]
[White "Pedersen, Svend"]
[Black "Ziska, Helgi Dam"]
[Result "0-1"]
[WhiteElo "2237"]
[BlackElo "2364"]
[PlyCount "80"]
[EventDate "2006.11.04"]
[EventType "team"]
[EventRounds "9"]
[EventCountry "DEN"]
[Source "ChessBase"]
[SourceDate "2007.02.01"]
[WhiteTeam "Norresundby"]
[BlackTeam "Helsinge"]
[WhiteTeamCountry "DEN"]
[BlackTeamCountry "DEN"]

1. e4 c5 2. Nc3 Nc6 3. g3 g6 4. Bg2 Bg7 5. d3 d6 6. Nh3 e6 7. O-O Nge7 8. Be3
Rb8 9. Qd2 O-O 10. Bh6 b5 11. Bxg7 Kxg7 12. f4 f5 13. Rae1 h6 14. Nf2 d5 15.
exd5 exd5 16. d4 Nxd4 17. Nxd5 Nxd5 18. c3 Nb6 19. cxd4 Nc4 20. Qe2 cxd4 21.
Qe7+ Qxe7 22. Rxe7+ Rf7 23. Rxf7+ Kxf7 24. b3 Ne3 25. Rc1 a5 26. Rc7+ Kf6 27.
Nd3 Nxg2 28. Kxg2 Bb7+ 29. Kf2 Be4 30. Ne5 Rb7 31. Rc8 g5 32. Rf8+ Ke6 33. Re8+
Kd6 34. Rh8 gxf4 35. gxf4 Rc7 36. Rd8+ Ke6 37. Rxd4 Rc2+ 38. Kg3 Rg2+ 39. Kh3
Rxa2 40. Nd7 Rc2 0-1

[Event "DEN-chT 0607"]
[Site "Denmark"]
[Date "2007.01.14"]
[Round "5.6"]
[White "Lauridsen, Jesper Morch"]
[Black "Nielsen, John Bauneborg"]
[Result "1/2-1/2"]
[WhiteElo "2272"]
[BlackElo "2187"]
[PlyCount "46"]
[EventDate "2006.11.04"]
[EventType "team"]
[EventRounds "9"]
[EventCountry "DEN"]
[Source "ChessBase"]
[SourceDate "2007.02.01"]
[WhiteTeam "Helsinge"]
[BlackTeam "Norresundby"]
[WhiteTeamCountry "DEN"]
[BlackTeamCountry "DEN"]

1. e4 c5 2. Nf3 Nc6 3. d4 cxd4 4. Nxd4 e5 5. Nb5 d6 6. N5c3 a6 7. Na3 Be6 8.
Nd5 Bxd5 9. exd5 Nb8 10. Be2 Be7 11. O-O f5 12. Kh1 Nd7 13. f4 e4 14. c4 Bf6
15. Nc2 Ne7 16. Nd4 Nc5 17. b4 Nd3 18. Be3 Qb6 19. Nxf5 Qc7 20. Nd4 Qxc4 21.
Rc1 Qxd5 22. Bxd3 exd3 23. Qxd3 O-O 1/2-1/2

[Event "DEN-chT 0607"]
[Site "Denmark"]
[Date "2007.01.14"]
[Round "5.7"]
[White "Sorensen, Bent"]
[Black "Andersson, Bjorn"]
[Result "0-1"]
[WhiteElo "2220"]
[BlackElo "2220"]
[PlyCount "100"]
[EventDate "2006.11.04"]
[EventType "team"]
[EventRounds "9"]
[EventCountry "DEN"]
[Source "ChessBase"]
[SourceDate "2007.02.01"]
[WhiteTeam "Norresundby"]
[BlackTeam "Helsinge"]
[WhiteTeamCountry "DEN"]
[BlackTeamCountry "DEN"]

1. Nf3 c5 2. g3 Nc6 3. Bg2 d6 4. d4 Bg4 5. Be3 Bxf3 6. Bxf3 cxd4 7. Bxd4 Qd7 8.
O-O h5 9. h4 Nf6 10. c4 Ng4 11. Bc3 e5 12. Nd2 Be7 13. Kg2 f5 14. Bd5 g5 15.
hxg5 Bxg5 16. Nf3 Bf6 17. Rh1 O-O-O 18. e3 Qg7 19. Nh4 Bxh4 20. Rxh4 Rh6 21.
Bxc6 bxc6 22. b4 Rg8 23. Qf3 Kc7 24. Rc1 Qd7 25. b5 Rc8 26. Ba5+ Kb8 27. Rb1 c5
28. b6 Qc6 29. bxa7+ Kxa7 30. Rb6 Qxf3+ 31. Kxf3 Rb8 32. Rb5 Nf6 33. Rh1 Rxb5
34. cxb5 Kb7 35. Ke2 Rh8 36. Ra1 Ra8 37. Bc3 Ra4 38. f4 Nd5 39. Be1 Re4 40. Bd2
exf4 41. gxf4 c4 42. Rg1 c3 43. Bc1 Nxf4+ 44. Kf3 Nd3 45. Rd1 Nxc1 46. Rxc1 Rc4
47. Rc2 Kb6 48. a4 Ka5 49. Kg3 Kxa4 50. b6 Kb3 0-1

[Event "DEN-chT 0607"]
[Site "Denmark"]
[Date "2007.01.14"]
[Round "5.8"]
[White "Bjorntoft, Peter"]
[Black "Christiansen, Jens Jorgen"]
[Result "1/2-1/2"]
[WhiteElo "2139"]
[BlackElo "2097"]
[PlyCount "44"]
[EventDate "2006.11.04"]
[EventType "team"]
[EventRounds "9"]
[EventCountry "DEN"]
[Source "ChessBase"]
[SourceDate "2007.02.01"]
[WhiteTeam "Helsinge"]
[BlackTeam "Norresundby"]
[WhiteTeamCountry "DEN"]
[BlackTeamCountry "DEN"]

1. e4 c6 2. d4 d5 3. exd5 cxd5 4. c4 Nf6 5. Nc3 g6 6. cxd5 Bg7 7. Bc4 O-O 8.
Nge2 Nbd7 9. d6 exd6 10. O-O Nb6 11. Bb3 Bf5 12. Bf4 Ne4 13. Nxe4 Bxe4 14. Nc3
Qf6 15. Qd2 Bd3 16. Rfd1 Bc4 17. Bg5 Qe6 18. d5 Qd7 19. Bh6 Bxh6 20. Qxh6 Bxb3
21. axb3 Rfe8 22. Re1 Qf5 1/2-1/2